| 000 | 00638nam a2200181 i 4500 | ||
|---|---|---|---|
| 001 | 85323 | ||
| 003 | ES-MaACL | ||
| 005 | 20240118063004.0 | ||
| 007 | t| | ||
| 008 | 041126s1964 sp ||||1| spa d | ||
| 100 | 1 |
_aJovellanos, Gaspar Melchor de, _d1744-1811 _9222580 |
|
| 245 | 1 | 0 |
_aReglamento para el Colegio de Calatrava / _cGasar Melchor de Jovellanos ; edición, según el manuscrito oficial, prólogo y notas de José Caso González. |
| 260 |
_aGijón : _bEstella, _c1964. |
||
| 300 |
_a254 p. ; _c25 cm. |
||
| 700 | 1 |
_aCaso González, José. _936328 |
|
| 852 |
_aES-MaACL _jC-26706 _bR.55486 |
||
| 999 |
_c85323 _d85323 |
||